[Event "SVK-ch U10"]
[Site "Liptovsky Mikulas"]
[Date "2018.04.24"]
[Round "5"]
[White "Kuskov, Oliver"]
[Black "Seliga, Filip"]
[Result "1-0"]
[WhiteElo "1000"]
[BlackElo "1000"]
[PlyCount "91"]
[EventDate "2018.04.21"]
[EventType "swiss"]
[EventRounds "9"]
[EventCountry "SVK"]
[SourceTitle "CBM 184 Extra"]
[Source "ChessBase"]
[SourceDate "2018.06.28"]
[SourceVersion "1"]
[SourceVersionDate "2018.06.28"]
[SourceQuality "1"]

1. e4 e6 2. Nc3 Bc5 3. Nf3 d5 4. exd5 exd5 5. d4 Bb4 6. Bd2 Bxc3 7. Bxc3 Bg4 8. Be2 Bxf3 9. Bxf3 Qe7+ 10. Qe2 Qxe2+ 11. Bxe2 Nc6 12. 0-0 0-0-0 13. Rfe1 Nf6 14. Rad1 Rhe8 15. b3 Ne4 16. Bb2 Nb4 17. f3 Nxc2 18. Rf1 Ne3 19. Bb5 c6 20. Bd3 Nxd1 21. Rxd1 Nf6 22. Bf5+ Kb8 23. Bc1 Re7 24. Bd2 g6 25. Bd3 Rc8 26. Bg5 Re6 27. f4 Rce8 28. h3 Re1+ 29. Rxe1 Rxe1+ 30. Kh2 Nh5 31. Bh4 Re3 32. Bf1 Kc7 33. f5 gxf5 34. Bg5 f4 35. h4 Kd6 36. Kg1 c5 37. dxc5+ Kxc5 38. Kh2 Kb4 39. g3 Re1 40. Bg2 fxg3+ 41. Kh3 Rd1 42. Bf3 Ng7 43. Bxd1 Nf5 44. Bg4 g2 45. Kxg2 Ne3+ 46. Bxe3 1-0

[Event "SVK-ch U10"]
[Site "Liptovsky Mikulas"]
[Date "2018.04.21"]
[Round "1"]
[White "Seliga, Filip"]
[Black "Balusik, Branislav"]
[Result "0-1"]
[WhiteElo "1000"]
[BlackElo "1161"]
[PlyCount "54"]
[EventDate "2018.04.21"]
[EventType "swiss"]
[EventRounds "9"]
[EventCountry "SVK"]
[SourceTitle "CBM 184 Extra"]
[Source "ChessBase"]
[SourceDate "2018.06.28"]
[SourceVersion "1"]
[SourceVersionDate "2018.06.28"]
[SourceQuality "1"]

1. e4 e5 2. Nf3 Nc6 3. Bc4 Bc5 4. 0-0 Nf6 5. Nc3 d6 6. Ng5 0-0 7. Bxf7+ Rxf7 8. Nxf7 Kxf7 9. Nd5 Nxd5 10. exd5 Nd4 11. c3 Nb5 12. Qf3+ Kg8 13. Re1 Bd7 14. Re4 Qe7 15. d4 Bb6 16. Qg3 g6 17. Bg5 Qf7 18. a4 Bf5 19. Re3 exd4 20. axb5 dxe3 21. Bxe3 Bxe3 22. Qxe3 b6 23. b4 Re8 24. Qd4 Re4 25. Qd2 Re5 26. Rxa7 Rxd5 27. Qh6 Rd1# 0-1